Central Library OPAC University of Rajshahi

Insect pests of vegetables and their control in East Pakistan/ (Record no. 57124)

MARC details
000 -LEADER
fixed length control field 00735nam a2200217 4500
001 - CONTROL NUMBER
control field 57124
003 - CONTROL NUMBER IDENTIFIER
rucl marc code BD-RjUL
005 - DATE AND TIME OF LATEST TRANSACTION
control field 20211209080454.0
008 - FIXED-LENGTH DATA ELEMENTS--GENERAL INFORMATION
fixed length control field 161206r19691970bg ||||| |||| 00| 0 eng d
035 ## - SYSTEM CONTROL NUMBER
System control number (BD-RjUL)57248
040 ## - CATALOGING SOURCE
Language of cataloging eng
Transcribing agency BD-RjUL
041 ## - LANGUAGE CODE
Language code of text/sound track or separate title eng
082 ## - DEWEY DECIMAL CLASSIFICATION NUMBER
Edition number 23
Classification number 632.75492
Author mark and year ALI 1970
100 ## - MAIN ENTRY--PERSONAL NAME
Personal name Alam, M Zahurul
9 (RLIN) 169693
245 01 - TITLE STATEMENT
Title Insect pests of vegetables and their control in East Pakistan/
Statement of responsibility, etc. by M. Zahurul Alam.
260 ## - PUBLICATION, DISTRIBUTION, ETC. (IMPRINT)
Place of publication, distribution, etc. Dacca :
Name of publisher, distributor, etc. Agricultural Information Service, in collaboration with East Pakistan Agricultural Research Institute,
Date of publication, distribution, etc. 1969 or 70.
300 ## - PHYSICAL DESCRIPTION
Pagination iv,
Illustrations 146 pages illustrations;
Size 25 cm.
505 ## - FORMATTED CONTENTS NOTE
Formatted contents note Cover title.
650 ## - SUBJECT ADDED ENTRY--TOPICAL TERM
Topical term or geographic name as entry element Insect pests
Geographic subdivision Bangladesh
9 (RLIN) 169694
942 ## - ADDED ENTRY ELEMENTS (KOHA)
Source of classification or shelving scheme Dewey Decimal Classification
Koha item type Books
Holdings
Lost status Source of classification or shelving scheme Damaged status Not for loan Permanent Location Current Location Shelving location Date acquired Source of acquisition Total Checkouts Full call number Date last seen Copy number Koha item type
  Dewey Decimal Classification   Not For Loan Institute of Biological Sciences (IBSc) Library Institute of Biological Sciences (IBSc) Library Institute Library 06/12/2016 Purchase   632.75492 ALI 1970 06/12/2016 C-1 Books